000 00668cam a2200217 4500
001 sa 68016087
003 DLC
005 20260227112652.0
008 700701s1968 io 000 0 eng
010 _asa 68016087
025 _aPL480:Indo-8068
040 _aDLC
_cDLC
_dDLC
050 0 0 _aJ631.N3S845
082 0 0 _a320.9/91
100 0 _aSoeharto,
_d1921-2008.
245 0 0 _aSpeech before the Asian Affairs Research Council in Tokyo, on 29th March 1968.
260 _a[Djakarta]
_bDept. of Information, Republic of Indonesia
_c[1968]
300 _a7 p.
_c18 cm.
500 _a"Special issue, 032/68."
651 0 _aIndonesia
_xPolitics and government
_y1966-1998.
999 _c86901
_d86901